| 000 | 00365nam a2200133 4500 | ||
|---|---|---|---|
| 999 |
_c10650 _d10650 |
||
| 003 | OSt | ||
| 005 | 20220507114932.0 | ||
| 008 | 220507b ||||| |||| 00| 0 eng d | ||
| 082 | _a725.71 | ||
| 100 | _aFengler, Max | ||
| 245 | _a Restaurant architecture and design; : an international survey of eating places | ||
| 260 |
_aLondon _bleonard hill books |
||
| 942 | _2ddc | ||